What business really wants from IT:a collaborative guide for business directors and CIO's (Record no. 183772)

MARC details
000 -LEADER
fixed length control field 00511nam a2200157Ia 4500
005 - DATE AND TIME OF LATEST TRANSACTION
control field 20250320084152.0
008 - FIXED-LENGTH DATA ELEMENTS--GENERAL INFORMATION
fixed length control field 231217s9999 xx 000 0 und d
020 ## - INTERNATIONAL STANDARD BOOK NUMBER
International Standard Book Number 9788131207925
082 ## - DEWEY DECIMAL CLASSIFICATION NUMBER
Classification number 658.4032 WHI;1 R
100 ## - MAIN ENTRY--PERSONAL NAME
Personal name White,Terry
245 #0 - TITLE STATEMENT
Title What business really wants from IT:a collaborative guide for business directors and CIO's
260 ## - PUBLICATION, DISTRIBUTION, ETC. (IMPRINT)
Date of publication, distribution, etc. 2004
Name of publisher, distributor, etc. butterworth Heinmenn
Place of publication, distribution, etc. Newdelhi
300 ## - PHYSICAL DESCRIPTION
Extent xiii+184
650 ## - SUBJECT ADDED ENTRY--TOPICAL TERM
Topical term or geographic name as entry element business,really,IT:a,collaborative,business,directors,CIO's
942 ## - ADDED ENTRY ELEMENTS (KOHA)
Koha item type Books
Holdings
Date last seen Total Checkouts Full call number Accession number Old discount Cost, replacement price Price effective from Category Lost status Damaged status Department Withdrawn status bill no. bill date Permanent Location Current Location Shelving location Entry date Vendor Cost, normal purchase price Grants Currency symbol Conversion rate Discount Discount type
26/01/2024   658.4032 WHI;1 R 55441 25 262.50 26/01/2024 Books     MBA   2009/CRB/0000702 21/03/2013 Central Library Central Library MBA 11/08/2009 Intact Book House Pvt Ltd 350.00 MBA RS 1 87.5 Rupees

© For any Suggestions or Query, please contact the library staff @ librarian@pes.edu or Phone: +9180 2672 1983/ 2108.